000 00422nam a22001697a 4500
005 20180703171715.0
008 160624b xxu||||| |||| 00| 0 eng d
020 _a81-259-1658-X
041 _aeng
082 _b9592
_a658.15
100 _a Pandey, I M
_94449
245 _aFinancial Managementc
260 _aNew Delhi
_bVikas Publishing House (P) Ltd.
300 _a762p,
650 _aManagement
_9241
942 _cBK
999 _c3851
_d3850